000 00830nam a2200205 a 4500
003 0
005 20250507085644.0
008 050808s19uu xx 00 eng d
050 _aPHS HQ 1031
_b.K36 2005
100 _aKang, Sung Kyung.
245 _aFactors that influence cultural adjustments between Korean-Filipino couples residing in the Philippines /
_cSung Kyung Kang.
260 _aLas PiƱas City, Philippines :
_bSouthville International School and Colleges,
_c2005.
300 _a37 pages :
_billustrations ;
_c28 cm.
504 _aIncludes bibliographical references.
650 _2Library of Congress Subject Headings
_aIntercultural marriage
_zPhilippines.
650 _aKorean-Filipino couples
_xCultural adjustment.
650 _aFamilies, Mixed nationality
_zPhilippines.
942 _2lcc
_cPASS
999 _c97249
_d97249